What is Corporate Governance? (Record no. 3819)

MARC details
005 - DATE AND TIME OF LATEST TRANSACTION
control field 20250612083101.0
020 ## - INTERNATIONAL STANDARD BOOK NUMBER
International Standard Book Number 0-07-144448-3
082 ## - DEWEY DECIMAL CLASSIFICATION NUMBER
Classification number 658.4 COL
100 ## - MAIN ENTRY--PERSONAL NAME
Author name COLLEY, J. L.
245 ## - TITLE STATEMENT
Title What is Corporate Governance?
260 ## - PUBLICATION, DISTRIBUTION, ETC.
Place of publication, distribution, etc. New York,
Name of publisher, distributor, etc. McGraw-Hill,
Date of publication, distribution, etc. 2005.
300 ## - PHYSICAL DESCRIPTION
Extent vii, 102p.: ill.; graph, table.
Other physical details Index.
Dimensions 24cm.
700 ## - ADDED ENTRY--PERSONAL NAME
Other authors/Editors DOYLE, J. L, LOGAN, G. W. & STETTINIUS
856 ## - ELECTRONIC LOCATION AND ACCESS
Link text Access online book
Electronic name What is Corporate Governance?
Path www.books.mcgraw-hill.com
942 ## - ADDED ENTRY ELEMENTS (KOHA)
Source of classification or shelving scheme Dewey Decimal Classification
Koha item type Books
Holdings
Date last seen Total checkouts Full call number Barcode Cost, replacement price Price effective from Koha item type Lost status Source of classification or shelving scheme Damaged status Not for loan Withdrawn status Home library Current library Shelving location Date acquired Cost, normal purchase price
06/12/2025   658.4 COL 00000012398 137248.02 06/12/2025 Books   Dewey Decimal Classification       College of Business Education Main Library College of Business Education Main Library General Collection 09/17/2024 45749.34
06/12/2025   658.4 COL 00000012399 137248.02 06/12/2025 Books   Dewey Decimal Classification       College of Business Education Main Library College of Business Education Main Library General Collection 09/17/2024 45749.34
06/12/2025   658.4 COL 00000012400 137248.02 06/12/2025 Books   Dewey Decimal Classification       College of Business Education Main Library College of Business Education Main Library General Collection 09/17/2024 45749.34
06/12/2025   658.4 COL 00000012401 137248.02 06/12/2025 Books   Dewey Decimal Classification       College of Business Education Main Library College of Business Education Main Library General Collection 09/17/2024 45749.34
06/12/2025   658.4 COL 00000012402 137248.02 06/12/2025 Books   Dewey Decimal Classification       College of Business Education Main Library College of Business Education Main Library General Collection 09/17/2024 45749.34